[Event "San Jose Metropolitano U14 op 45th"]
[Site "San Jose"]
[Date "2024.12.28"]
[Round "5"]
[White "Morales Vasquez, Thiago Marcel"]
[Black "Casasola Barrantes, Jose David"]
[Result "1-0"]
[WhiteElo "1615"]
[BlackElo "1499"]
[PlyCount "63"]
[EventDate "2024.12.27"]
[EventType "tourn"]
[EventRounds "9"]
[EventCountry "CRI"]
[SourceTitle "CB02_2025"]
[SourceDate "2025.01.08"]
[SourceVersion "1"]
[SourceVersionDate "2025.01.08"]
[SourceQuality "1"]

1. e4 c5 2. Nf3 Nc6 3. d4 cxd4 4. Nxd4 e5 5. Nf3 Nf6 6. Nc3 Bb4 7. Bg5 h6 8. Bxf6 Qxf6 9. Bc4 0-0 10. 0-0 d6 11. Nd5 Qd8 12. c3 Bc5 13. b4 Bb6 14. a4 a5 15. b5 Ne7 16. Qb3 Be6 17. Nxb6 Qxb6 18. Bxe6 Ng6 19. Bf5 Nf4 20. g3 Nd3 21. Qc4 Nc5 22. Qd5 Rad8 23. Rfd1 Qc7 24. Nd2 Nd7 25. Qc4 Qxc4 26. Nxc4 Nf6 27. Nxd6 b6 28. Bh3 Rb8 29. Bg2 Nd7 30. Nc4 Nc5 31. Nxe5 Rfe8 32. Nd7 1-0